[Event "Zaragoza op"]
[Site "Zaragoza ESP"]
[Date "1996.??.??"]
[Round "5"]
[White "Komljenovic, Davor"]
[Black "Spraggett, Kevin"]
[Result "1/2-1/2"]
[ECO "A91"]
[WhiteElo "2475"]
[BlackElo "2545"]
[PlyCount "156"]
[EventDate "1996.??.??"]
[EventType "swiss"]
[EventRounds "9"]
[EventCountry "ESP"]

1. d4 e6 2. c4 f5 3. g3 Nf6 4. Bg2 Be7 5. Nc3 O-O 6. Bg5 d6 7. e3 c6 8. Nge2 e5
9. O-O Nbd7 10. b4 h6 11. Bxf6 Nxf6 12. b5 c5 13. dxc5 dxc5 14. Qxd8 Rxd8 15.
Nd5 Kf7 16. Nxf6 Bxf6 17. Bd5+ Be6 18. e4 Bxd5 19. cxd5 fxe4 20. Nc3 Rd7 21.
Rad1 Rad8 22. Rfe1 e3 23. Rxe3 e4 24. Nxe4 Rxd5 25. Rxd5 Rxd5 26. Ra3 a6 27.
bxa6 bxa6 28. Rxa6 Be7 29. Kg2 Rd3 30. h4 c4 31. h5 Rd7 32. Rc6 Ra7 33. Rxc4
Rxa2 34. Kf3 Ra5 35. Kg4 Re5 36. f4 Ra5 37. Rd4 Ke6 38. Nd2 Kf7 39. Nf3 Bf6 40.
Rc4 Ra7 41. Rc6 Ra5 42. Rc7+ Kf8 43. Nd2 Rd5 44. Nc4 Bd4 45. Rb7 Kg8 46. Re7
Bf6 47. Re2 Rd4 48. Ne3 Kf7 49. Ra2 Rd3 50. Ra7+ Kf8 51. Nc4 Rd4 52. Rc7 Rd5
53. Nb6 Rb5 54. Nd7+ Ke7 55. Ne5+ Kd6 56. Ra7 Bxe5 57. fxe5+ Kxe5 58. Rxg7 Rb4+
59. Kh3 Rb6 60. Kh4 Rf6 61. Kg4 Rb6 62. Rg6 Rf6 63. Rg7 Rb6 64. Kh4 Rb4+ 65. g4
Rb6 66. Rh7 Rc6 67. Rh8 Rf6 68. g5 Rf4+ 69. Kg3 Rf5 70. Kg4 Rf4+ 71. Kg3 Rf5
72. Kg4 Rf4+ 73. Kg3 Rf5 74. Re8+ Kd6 75. gxh6 Rxh5 76. Ra8 Ke6 77. Kg4 Rh1 78.
Kg5 Kf7 1/2-1/2

[Event "Zaragoza op"]
[Site "Zaragoza ESP"]
[Date "1996.??.??"]
[Round "7"]
[White "Lalic, Bogdan"]
[Black "Spraggett, Kevin"]
[Result "1/2-1/2"]
[ECO "A92"]
[WhiteElo "2575"]
[BlackElo "2545"]
[PlyCount "84"]
[EventDate "1996.??.??"]
[EventType "swiss"]
[EventRounds "9"]
[EventCountry "ESP"]

1. d4 f5 2. Nf3 Nf6 3. g3 e6 4. Bg2 Be7 5. c4 O-O 6. O-O Ne4 7. Qc2 Bf6 8. Nc3
d5 9. Bf4 c6 10. Rab1 Nd7 11. Rfd1 g5 12. Bc1 Qe7 13. b4 a6 14. Ne1 Nd6 15. c5
Nb5 16. Nxb5 axb5 17. f4 gxf4 18. gxf4 Bg7 19. Nf3 Nf6 20. Ne5 Bd7 21. Kh1 Be8
22. Rb3 Ng4 23. Rf1 Qh4 24. Nf3 Qh5 25. h3 Kh8 26. Kg1 Nf6 27. Ne5 Ne4 28. Kh2
Bxe5 29. fxe5 Rg8 30. Bf4 Bf7 31. Bxe4 dxe4 32. Rg3 Rxg3 33. Kxg3 Rg8+ 34. Kh2
Qh4 35. e3 Bh5 36. Qf2 Qxf2+ 37. Rxf2 Bf3 38. a3 h5 39. Bg3 Kg7 40. Ra2 Kf7 41.
h4 Ke7 42. a4 Ra8 1/2-1/2

[Event "Zaragoza op"]
[Site "Zaragoza ESP"]
[Date "1996.??.??"]
[Round "8"]
[White "Strikovic, Aleksa"]
[Black "Spraggett, Kevin"]
[Result "1-0"]
[ECO "B12"]
[WhiteElo "2520"]
[BlackElo "2545"]
[PlyCount "81"]
[EventDate "1996.??.??"]
[EventType "swiss"]
[EventRounds "9"]
[EventCountry "ESP"]

1. e4 c6 2. d4 d5 3. e5 Bf5 4. Nf3 e6 5. Be2 c5 6. O-O a6 7. Nbd2 Nc6 8. c3
cxd4 9. Nxd4 Nxd4 10. cxd4 Rc8 11. Nf3 Ne7 12. Be3 Nc6 13. Rc1 Be7 14. Qb3 Qd7
15. Nd2 O-O 16. a3 b5 17. Qa2 Na5 18. b4 Nc4 19. Nb3 Ra8 20. Nc5 Qe8 21. Bd2 a5
22. bxa5 Bxc5 23. dxc5 Qc6 24. a4 bxa4 25. Bxc4 dxc4 26. Qxc4 Rfd8 27. Rfd1 Bd3
28. Qc3 Be2 29. Re1 Bb5 30. Rb1 h6 31. Be3 Rd5 32. Qb4 Ba6 33. Qg4 Kh7 34. Rb6
Qd7 35. Qxa4 Bb7 36. c6 Raxa5 37. cxb7 Rxa4 38. b8=Q Ra1 39. Rbb1 Rb5 40. Qxb5
Qxb5 41. Rxa1 1-0

[Event "CAN-op"]
[Site "Toronto CAN"]
[Date "1995.07.08"]
[Round "1"]
[White "Golts, Roman"]
[Black "Spraggett, Kevin"]
[Result "0-1"]
[ECO "E94"]
[WhiteElo "2101"]
[BlackElo "2591"]
[PlyCount "94"]
[EventDate "1995.07.08"]
[EventType "swiss"]
[EventRounds "10"]
[EventCountry "CAN"]

1. e4 g6 2. d4 Bg7 3. Nf3 d6 4. c4 Nf6 5. Nc3 O-O 6. Be2 Nbd7 7. O-O e5 8. d5
Nc5 9. Qc2 a5 10. Be3 b6 11. h3 Nfd7 12. Nd2 f5 13. f3 f4 14. Bf2 g5 15. b3 Rf7
16. a3 Bf8 17. b4 Nb7 18. Qb2 Rg7 19. Rfc1 h5 20. Na4 Qe8 21. Bd1 Nf6 22. Nc3
g4 23. hxg4 hxg4 24. Kf1 Qh5 25. Ke2 Qh2 26. Ba4 g3 27. Be1 Qxg2+ 28. Kd1 Rh7
29. Kc2 Rh2 30. Kb1 Qh3 31. Bc6 Qh7 32. Qb3 axb4 33. axb4 Rxa1+ 34. Kxa1 Nd8
35. Bb5 Nf7 36. Na4 Rh1 37. Kb2 Qh2 38. Qc2 Qe2 39. Nc3 Qxe1 40. Rxe1 Rxe1 41.
Nb3 Bh3 42. Ne2 g2 43. Nbc1 Nh5 44. Qd2 Rf1 45. Be8 Ng3 46. Bxf7+ Kxf7 47. Nxg3
fxg3 0-1

[Event "CAN-op"]
[Site "Toronto CAN"]
[Date "1995.07.09"]
[Round "2"]
[White "Spraggett, Kevin"]
[Black "McTavish, David"]
[Result "1-0"]
[ECO "B08"]
[WhiteElo "2591"]
[BlackElo "2227"]
[PlyCount "35"]
[EventDate "1995.07.08"]
[EventType "swiss"]
[EventRounds "10"]
[EventCountry "CAN"]

1. e4 d6 2. d4 Nf6 3. Nc3 g6 4. Be3 Bg7 5. Qd2 c6 6. Nf3 b5 7. Bd3 a6 8. Bh6
O-O 9. e5 dxe5 10. dxe5 Nd5 11. h4 Nb4 12. h5 Nxd3+ 13. cxd3 Bf5 14. Bxg7 Kxg7
15. O-O-O b4 16. hxg6 Bxg6 17. Qh6+ Kg8 18. Nh4 1-0

[Event "CAN-op"]
[Site "Toronto CAN"]
[Date "1995.07.10"]
[Round "4"]
[White "Spraggett, Kevin"]
[Black "Vencl, Radivoje"]
[Result "1-0"]
[ECO "B03"]
[WhiteElo "2591"]
[BlackElo "2315"]
[PlyCount "85"]
[EventDate "1995.07.08"]
[EventType "swiss"]
[EventRounds "10"]
[EventCountry "CAN"]

1. e4 Nf6 2. e5 Nd5 3. d4 d6 4. c4 Nb6 5. exd6 cxd6 6. Bd3 Nc6 7. Ne2 g6 8.
Nbc3 Bg7 9. d5 Ne5 10. b3 Nxd3+ 11. Qxd3 O-O 12. Be3 Nd7 13. Bd4 Nf6 14. O-O
Bf5 15. Qd2 Qd7 16. a4 e5 17. dxe6 fxe6 18. Rad1 Rfd8 19. f3 e5 20. Be3 Qc6 21.
Ng3 Rd7 22. Kh1 a6 23. Bg5 Rf8 24. Rfe1 h6 25. Bxh6 Bxh6 26. Qxh6 Bc2 27. Rd2
Bxb3 28. Qxg6+ Rg7 29. Qd3 Ne8 30. Re4 Rf4 31. Rxf4 exf4 32. Nf5 Bxc4 33. Qd4
Rh7 34. Qxf4 Be6 35. Nh6+ Kg7 36. Qg5+ Kf8 37. Qe3 Re7 38. h3 d5 39. Qf4+ Kg7
40. Nxd5 Bxd5 41. Qg5+ Kh7 42. Qxe7+ Kxh6 43. Qe3+ 1-0

[Event "CAN-op"]
[Site "Toronto CAN"]
[Date "1995.07.15"]
[Round "9"]
[White "Spraggett, Kevin"]
[Black "Norwood, David"]
[Result "1-0"]
[ECO "A36"]
[WhiteElo "2591"]
[BlackElo "2402"]
[PlyCount "75"]
[EventDate "1995.07.08"]
[EventType "swiss"]
[EventRounds "10"]
[EventCountry "CAN"]

1. c4 c5 2. g3 Nc6 3. Bg2 e5 4. Nc3 g6 5. e3 Bg7 6. Nge2 Nge7 7. a3 d6 8. Rb1
a5 9. d3 O-O 10. O-O Bf5 11. h3 Rb8 12. Kh2 Qc8 13. Nb5 Rd8 14. Nec3 Qd7 15.
Qe2 Nc8 16. Bd2 b6 17. f4 exf4 18. gxf4 N8e7 19. Be1 Re8 20. Bh4 Be6 21. Ne4 d5
22. Nf6+ Bxf6 23. Bxf6 Kf8 24. Rbd1 Ng8 25. Bh4 d4 26. e4 f5 27. e5 Kg7 28. Nd6
Rf8 29. Rb1 Nge7 30. Qf2 Ra8 31. Rg1 Rab8 32. Qg3 Ng8 33. Bf3 Nce7 34. b4 Qa4
35. bxc5 bxc5 36. Bf6+ Nxf6 37. exf6+ Kg8 38. Rxb8 1-0

[Event "Zaragoza op-A"]
[Site "Zaragoza ESP"]
[Date "1995.??.??"]
[Round "1"]
[White "Granados Gomez, Manuel"]
[Black "Spraggett, Kevin"]
[Result "1-0"]
[ECO "A45"]
[WhiteElo "2400"]
[BlackElo "2520"]
[PlyCount "76"]
[EventDate "1995.06.??"]
[EventType "swiss"]
[EventRounds "9"]
[EventCountry "ESP"]
[Source "ChessBase"]
[SourceDate "1998.11.10"]

1. d4 Nf6 2. Bg5 d6 3. Bxf6 exf6 4. e3 g6 5. h4 f5 6. h5 Nd7 7. Ne2 Nf6 8. Nf4
Bh6 9. hxg6 hxg6 10. Nd2 Qe7 11. Qf3 Kf8 12. O-O-O Kg7 13. Bd3 c6 14. Kb1 Bd7
15. Qg3 b5 16. e4 fxe4 17. Nxe4 Nxe4 18. Bxe4 Qg5 19. Qxg5 Bxg5 20. Nd3 a5 21.
a3 Bf6 22. Rxh8 Rxh8 23. Ne5 Bxe5 24. dxe5 d5 25. Bd3 Rh2 26. Bf1 f6 27. exf6+
Kxf6 28. b4 axb4 29. axb4 Rh4 30. c3 g5 31. Kb2 Bf5 32. Bd3 Be6 33. Bf1 Rh2 34.
Kc2 Bf5+ 35. Kd2 Be4 36. Ke3 Bxg2 37. Bxg2 Rxg2 38. Rh1 Kg6 1-0

[Event "Zaragoza op-A"]
[Site "Zaragoza ESP"]
[Date "1995.??.??"]
[Round "3"]
[White "Foisor, Ovidiu"]
[Black "Spraggett, Kevin"]
[Result "1/2-1/2"]
[ECO "A25"]
[WhiteElo "2415"]
[BlackElo "2520"]
[PlyCount "124"]
[EventDate "1995.06.??"]
[EventType "swiss"]
[EventRounds "9"]
[EventCountry "ESP"]
[Source "ChessBase"]
[SourceDate "1998.11.10"]

1. c4 e5 2. g3 Nc6 3. Bg2 f5 4. Nc3 Nf6 5. e3 d6 6. Nge2 Be7 7. O-O O-O 8. Nd5
Nxd5 9. cxd5 Nb8 10. b3 Nd7 11. Bb2 Nf6 12. Rc1 Bd7 13. d3 Rc8 14. Rc2 c6 15.
dxc6 Bxc6 16. e4 fxe4 17. dxe4 Qa5 18. Nc3 Bd7 19. Qd2 Kh8 20. Rd1 Be6 21. Na4
Qb5 22. Rdc1 Rxc2 23. Rxc2 Qd7 24. Ba3 h6 25. Nc3 Qd8 26. Nd1 Qb6 27. Qb4 Nd7
28. Ne3 Nc5 29. Qxb6 axb6 30. h4 Ra8 31. Bb4 g6 32. Rd2 h5 33. Nd1 Kg7 34. Nc3
Kf7 35. Bf1 Ke8 36. Bb5+ Kd8 37. Be2 Kd7 38. Bb5+ Kd8 39. Be2 Bf8 40. f3 Kc7
41. Kf2 Kc6 42. Bb5+ Kc7 43. Be2 Be7 44. Ba3 Rg8 45. Nb5+ Kb8 46. Bb2 Rd8 47.
Rc2 Rc8 48. Ke1 Bd7 49. Kd1 Rf8 50. Nc3 Bh3 51. b4 Ne6 52. Nb5 Bg2 53. Rd2 Bxf3
54. Nxd6 Nd4 55. Bxd4 Bxd6 56. Bxb6 Bxb4 57. Rc2 Bd6 58. Rd2 Bc7 59. Bxc7+ Kxc7
60. Rd5 Bxe4 61. Rxe5 Bf5 62. Kd2 b6 1/2-1/2

[Event "Zaragoza op-A"]
[Site "Zaragoza ESP"]
[Date "1995.??.??"]
[Round "4"]
[White "Spraggett, Kevin"]
[Black "Eslon, Jaan"]
[Result "1-0"]
[ECO "C65"]
[WhiteElo "2520"]
[BlackElo "2420"]
[PlyCount "85"]
[EventDate "1995.06.??"]
[EventType "swiss"]
[EventRounds "9"]
[EventCountry "ESP"]
[Source "ChessBase"]
[SourceDate "1998.11.10"]

1. e4 e5 2. Nf3 Nc6 3. Bb5 Nf6 4. d3 d6 5. c3 Be7 6. Nbd2 O-O 7. O-O Bd7 8. Ba4
h6 9. Re1 Nh7 10. d4 Bf6 11. Nf1 Ng5 12. Nxg5 Bxg5 13. Ne3 Bxe3 14. Bxe3 Qf6
15. Qh5 Rae8 16. d5 Nb8 17. Bc2 b6 18. g3 c6 19. Rad1 cxd5 20. Rxd5 Bc6 21. Rd2
Rd8 22. Red1 Na6 23. f4 Nc5 24. fxe5 dxe5 25. Rxd8 Rxd8 26. Rxd8+ Qxd8 27. Qxe5
Nd3 28. Qd4 Qxd4 29. cxd4 Nxb2 30. d5 Ba4 31. Bxa4 Nxa4 32. Bd4 f6 33. Kf2 Kf7
34. Ke3 Ke7 35. Kd3 h5 36. Kc4 Kd6 37. Kb4 Nc5 38. Bxc5+ bxc5+ 39. Kc4 g6 40.
h3 f5 41. exf5 gxf5 42. h4 a6 43. a3 1-0

[Event "Bern op"]
[Site "Bern SUI"]
[Date "1995.??.??"]
[Round "9"]
[White "Chernin, Alexander"]
[Black "Spraggett, Kevin"]
[Result "1/2-1/2"]
[ECO "E34"]
[WhiteElo "2600"]
[BlackElo "2520"]
[PlyCount "76"]
[EventDate "1995.??.??"]
[EventType "swiss"]
[EventRounds "9"]
[EventCountry "SUI"]

1. d4 Nf6 2. c4 e6 3. Nc3 Bb4 4. Qc2 d5 5. cxd5 Qxd5 6. Nf3 Qf5 7. Qb3 c5 8. a3
Ba5 9. Qc4 Bxc3+ 10. Qxc3 Nbd7 11. g3 cxd4 12. Nxd4 Qd5 13. Nf3 b6 14. Bg2 Ba6
15. O-O Rc8 16. Qe3 Qh5 17. h3 Nd5 18. Qd4 O-O 19. Re1 Nc5 20. Qd1 Rfd8 21. Bd2
e5 22. Rc1 e4 23. b4 Ne6 24. Rxc8 Rxc8 25. g4 Qg6 26. Ne5 Qf6 27. Qa1 Nef4 28.
Bf1 Re8 29. Nc4 Qh4 30. Bxf4 Nxf4 31. Qc3 e3 32. Nxe3 Nxh3+ 33. Bxh3 Qxh3 34.
Qc6 Rf8 35. Qf3 Qh4 36. Rc1 Qg5 37. Rc7 h5 38. Qd5 Qf4 1/2-1/2

[Event "Geneve op"]
[Site "Geneve SUI"]
[Date "1995.??.??"]
[Round "1"]
[White "Spraggett, Kevin"]
[Black "Di Fonzo, Valerio"]
[Result "1-0"]
[ECO "C49"]
[WhiteElo "2520"]
[BlackElo "2225"]
[PlyCount "75"]
[EventDate "1995.??.??"]
[EventType "swiss"]
[EventRounds "9"]
[EventCountry "SUI"]

1. e4 e5 2. Nf3 Nc6 3. Nc3 Nf6 4. Bb5 Bb4 5. O-O O-O 6. d3 d6 7. Bg5 Bxc3 8.
bxc3 Qe7 9. Re1 Nd8 10. d4 Ne6 11. Bc1 Rd8 12. Bf1 b6 13. Nh4 Bb7 14. Nf5 Qf8
15. Bd3 exd4 16. cxd4 c5 17. d5 Nc7 18. Bb2 Nce8 19. c4 g6 20. Ne3 Qh6 21. Rf1
Qh5 22. Qd2 Kf8 23. f4 Ng4 24. Nxg4 Qxg4 25. Rf3 f6 26. f5 g5 27. Rh3 Rd7 28.
Rf1 h5 29. Be2 Qxe4 30. Re3 Qh4 31. g3 Qh3 32. Rf2 Re7 33. Bf1 Qg4 34. h3 Rxe3
35. Qxe3 Qd1 36. Re2 Qb1 37. Qe7+ Kg8 38. Qxb7 1-0

[Event "Geneve op"]
[Site "Geneve SUI"]
[Date "1995.??.??"]
[Round "3"]
[White "Spraggett, Kevin"]
[Black "Collas, Didier"]
[Result "1/2-1/2"]
[ECO "B81"]
[WhiteElo "2520"]
[BlackElo "2335"]
[PlyCount "184"]
[EventDate "1995.??.??"]
[EventType "swiss"]
[EventRounds "9"]
[EventCountry "SUI"]

1. e4 c5 2. Nf3 e6 3. d4 cxd4 4. Nxd4 Nf6 5. Nc3 d6 6. g4 h6 7. h3 Nc6 8. Be3
Bd7 9. Nb3 Be7 10. Qe2 Na5 11. Bg2 a6 12. f4 Qc7 13. Nxa5 Qxa5 14. Qf2 Bc6 15.
Bb6 Qb4 16. O-O-O Nd7 17. Bd4 e5 18. Be3 exf4 19. Bxf4 Ne5 20. a3 Qa5 21. Nd5
Bg5 22. Bxg5 hxg5 23. Qe3 Qd8 24. Nb6 Rb8 25. Rd2 Qe7 26. Rhd1 Rh6 27. Kb1 Kf8
28. Qc3 Re6 29. Qb4 Rd8 30. b3 Kg8 31. Ka2 Ng6 32. e5 Nxe5 33. Nd5 Qd7 34. Be4
Bxd5 35. Bxd5 Nc6 36. Qb6 Rf6 37. Re2 Rb8 38. Red2 Ne5 39. Be4 Qd8 40. Qxd8+
Rxd8 41. Bxb7 a5 42. a4 Kf8 43. Re2 Ke7 44. Bg2 Rd7 45. Rd5 Ra7 46. Rb5 Rf4 47.
Rd2 f5 48. gxf5 Rxf5 49. Rb6 Rf6 50. Rb8 g4 51. hxg4 Nxg4 52. Rg8 Rg6 53. Re2+
Ne5 54. Bd5 Kd7 55. Rf2 Kc7 56. Kb2 Rg5 57. Be4 Rg4 58. Bf5 Rg5 59. Be4 Rg4 60.
Re2 Rg5 61. Re3 Kd7 62. Bd5 Ke7 63. Rb8 Rg4 64. Rb5 Rd4 65. Rh3 Rd2 66. Rg3 Kf6
67. Bb7 g5 68. Rg1 g4 69. Kc3 Rf2 70. Rd1 Ke7 71. Kb2 g3 72. Rg1 Nd3+ 73. Kb1
Nb4 74. Rxg3 Nxc2 75. Rh5 Kf6 76. Be4 Na3+ 77. Kc1 Rc7+ 78. Kd1 Rc5 79. Rg6+
Ke7 80. Rh7+ Rf7 81. Rxf7+ Kxf7 82. Rxd6 Ke7 83. Rd5 Rc3 84. Rd3 Nb1 85. Rf3
Rxf3 86. Bxf3 Nc3+ 87. Kc2 Na2 88. Kd3 Kd6 89. Kc4 Nc1 90. Bh1 Kc7 91. b4 axb4
92. a5 Kb8 1/2-1/2

[Event "Geneve op"]
[Site "Geneve SUI"]
[Date "1995.??.??"]
[Round "4"]
[White "Suba, Mihai"]
[Black "Spraggett, Kevin"]
[Result "0-1"]
[ECO "E71"]
[WhiteElo "2475"]
[BlackElo "2520"]
[PlyCount "150"]
[EventDate "1995.??.??"]
[EventType "swiss"]
[EventRounds "9"]
[EventCountry "SUI"]

1. d4 Nf6 2. c4 g6 3. Nc3 Bg7 4. e4 d6 5. h3 O-O 6. Bd3 e5 7. d5 Nbd7 8. g4 Nc5
9. Bc2 c6 10. b4 Na6 11. a3 cxd5 12. cxd5 h5 13. f3 Nh7 14. Be3 Bd7 15. Qd2 Nc7
16. Bd3 h4 17. Nge2 Bf6 18. O-O Bg5 19. f4 exf4 20. Nxf4 Bf6 21. Rac1 Qe7 22.
Kg2 a6 23. a4 Rfc8 24. Nfe2 Ne8 25. a5 Be5 26. Ng1 f5 27. gxf5 gxf5 28. Kh1
Nef6 29. Nge2 fxe4 30. Rg1+ Kh8 31. Nxe4 Rxc1 32. Qxc1 Nxd5 33. Bd4 Bc6 34. Qh6
Rf8 35. Bxe5+ Qxe5 36. Rg5 Rf5 37. Rg4 Nxb4 38. Rxh4 Qg7 39. Qxg7+ Kxg7 40.
N2g3 Rf8 41. Bb1 Rf2 42. Kg1 Rb2 43. Nf5+ Kf8 44. Nexd6 Rxb1+ 45. Kf2 Rb2+ 46.
Ke3 Nd5+ 47. Kd4 Ndf6 48. Kc5 Nd7+ 49. Kc4 Ndf6 50. Kc5 Rb1 51. Nd4 Bd7 52. Nc4
Ke7 53. Nb6 Rc1+ 54. Kb4 Rb1+ 55. Kc5 Rc1+ 56. Kb4 Be8 57. Nf5+ Kf8 58. Nd6 Bc6
59. Rc4 Rb1+ 60. Kc5 Ng5 61. Rb4 Rxb4 62. Kxb4 Nxh3 63. Nf5 Ng5 64. Nd4 Nge4
65. Kc4 Ke7 66. Nf5+ Ke6 67. Nd4+ Ke5 68. Nf3+ Kf4 69. Nd4 Nd6+ 70. Kb4 Nfe4
71. Na8 Be8 72. Nb6 Bf7 73. Nd7 Ke3 74. Nc2+ Ke2 75. Nd4+ Kd3 0-1

[Event "Geneve op"]
[Site "Geneve SUI"]
[Date "1995.??.??"]
[Round "5"]
[White "Spraggett, Kevin"]
[Black "Zelcic, Robert"]
[Result "1-0"]
[ECO "B14"]
[WhiteElo "2520"]
[BlackElo "2500"]
[PlyCount "111"]
[EventDate "1995.??.??"]
[EventType "swiss"]
[EventRounds "9"]
[EventCountry "SUI"]

1. e4 c6 2. d4 d5 3. exd5 cxd5 4. c4 e6 5. Nc3 Nf6 6. Nf3 Bb4 7. cxd5 exd5 8.
Bd3 O-O 9. O-O Bg4 10. Qb3 Bxc3 11. bxc3 Bxf3 12. gxf3 Qd7 13. Kh1 Qh3 14. Qd1
Nbd7 15. Rg1 Rfe8 16. Bg5 Qe6 17. Rb1 b6 18. Qd2 Nh5 19. Qc2 g6 20. Rg4 Ndf6
21. Rh4 Rac8 22. Rg1 Qc6 23. Bd2 b5 24. Qb1 a6 25. Qf1 Kh8 26. Qg2 Re7 27. f4
Rg8 28. Qg5 Qe8 29. f5 Qf8 30. f3 Re8 31. Bf4 Nd7 32. Bd2 Qe7 33. Qg4 Ndf6 34.
Qh3 Qf8 35. Bg5 Qg7 36. Bd2 Re7 37. Rhg4 Rge8 38. R4g2 Re3 39. Bxe3 Rxe3 40.
fxg6 Nf4 41. Qc8+ Re8 42. Qf5 Nxg2 43. gxf7 Qxf7 44. Rxg2 Re1+ 45. Rg1 Rxg1+
46. Kxg1 Kg7 47. Qe5 Qb7 48. Bxh7 Kxh7 49. Qxf6 a5 50. Kg2 b4 51. cxb4 axb4 52.
h4 Qa8 53. Kg3 Qxa2 54. Qe7+ Kh8 55. Qxb4 Qa8 56. Qe7 1-0

[Event "Geneve op"]
[Site "Geneve SUI"]
[Date "1995.??.??"]
[Round "6"]
[White "Markowski, Tomasz"]
[Black "Spraggett, Kevin"]
[Result "1-0"]
[ECO "E60"]
[WhiteElo "2470"]
[BlackElo "2520"]
[PlyCount "109"]
[EventDate "1995.??.??"]
[EventType "swiss"]
[EventRounds "9"]
[EventCountry "SUI"]

1. Nf3 Nf6 2. e3 g6 3. b3 Bg7 4. Bb2 O-O 5. Be2 d6 6. c4 Nbd7 7. Nc3 e5 8. d4
Re8 9. Qc2 c6 10. O-O Qe7 11. b4 e4 12. Nd2 Nf8 13. b5 Bf5 14. bxc6 bxc6 15.
Ba3 h5 16. Rab1 N8h7 17. Qa4 Rac8 18. Qa6 Rc7 19. Rb3 h4 20. Rfb1 h3 21. g3 Ng5
22. Rb7 Bc8 23. Rxc7 Qxc7 24. Qa4 Kh7 25. Bb4 Bf5 26. Qa5 Qd7 27. Rb2 Bh6 28.
Ba3 Bg4 29. Bf1 Rc8 30. Qa6 Bg7 31. Rb7 Rc7 32. Rxc7 Qxc7 33. d5 cxd5 34. Bxd6
Qd8 35. cxd5 Bc8 36. Qc6 Bb7 37. Qc5 Nd7 38. Qa3 f5 39. Be7 Qc8 40. Bxg5 Qxc3
41. Qe7 Qxd2 42. Qxd7 Qxd5 43. Qe7 Kh8 44. Bf6 Bxf6 45. Qxf6+ Kh7 46. Bxh3 Bc6
47. Bf1 a5 48. h4 a4 49. a3 Be8 50. Qd4 Qb3 51. Qc5 Bf7 52. h5 gxh5 53. Qxf5+
Bg6 54. Qf8 Qb7 55. Bc4 1-0

[Event "Geneve op"]
[Site "Geneve SUI"]
[Date "1995.??.??"]
[Round "7"]
[White "Spraggett, Kevin"]
[Black "Roeder, Mathias"]
[Result "1-0"]
[ECO "B23"]
[WhiteElo "2520"]
[BlackElo "2440"]
[PlyCount "91"]
[EventDate "1995.??.??"]
[EventType "swiss"]
[EventRounds "9"]
[EventCountry "SUI"]

1. e4 c5 2. Nc3 Nc6 3. f4 g6 4. Nf3 Bg7 5. Bc4 e6 6. a3 Nge7 7. Ba2 b6 8. O-O
O-O 9. d3 f5 10. Bd2 Bb7 11. Qe1 Rc8 12. Rc1 Nd4 13. Nxd4 Bxd4+ 14. Kh1 h6 15.
Rb1 Bc6 16. Ne2 Bh8 17. Ng1 Ba8 18. Nf3 Kh7 19. c3 Ng8 20. Rd1 Nf6 21. Bb1 c4
22. e5 Ne8 23. dxc4 Rxc4 24. Be3 Qe7 25. Ba2 Rc7 26. Qg3 Bxf3 27. Qxf3 d6 28.
Bd4 dxe5 29. fxe5 h5 30. a4 Bg7 31. Rd3 Bh6 32. Rfd1 Ng7 33. Bf2 g5 34. Rd6 g4
35. Qd3 Rf7 36. b4 Bf4 37. Qd4 Bg5 38. c4 Kh6 39. c5 bxc5 40. bxc5 Qe8 41. Qc4
Rc6 42. Qb5 Rfc7 43. Bd5 Rxd6 44. exd6 Rxc5 45. Bxc5 Qxb5 46. axb5 1-0

[Event "Manresa"]
[Site "Manresa ESP"]
[Date "1995.??.??"]
[Round "2"]
[White "Spraggett, Kevin"]
[Black "Pomes Marcet, Juan"]
[Result "1-0"]
[ECO "C01"]
[WhiteElo "2530"]
[BlackElo "2425"]
[PlyCount "111"]
[EventDate "1995.??.??"]
[EventType "tourn"]
[EventRounds "9"]
[EventCountry "ESP"]
[EventCategory "11"]

1. e4 e6 2. d4 d5 3. Nc3 Bb4 4. exd5 exd5 5. Bd3 Nf6 6. Bg5 h6 7. Bh4 Nc6 8. a3
Be7 9. Nge2 O-O 10. O-O Nh5 11. Bxe7 Nxe7 12. Qd2 c6 13. f3 b6 14. Rae1 c5 15.
b3 Bb7 16. g4 Nf6 17. Ng3 cxd4 18. Nb5 Ba6 19. Nxd4 Bxd3 20. Qxd3 Ng6 21. Ngf5
Qc7 22. Qd2 Rfe8 23. Kh1 Qf4 24. Qxf4 Nxf4 25. h4 h5 26. g5 Nd7 27. Kh2 Nc5 28.
Kg3 Nfe6 29. Nc6 Nc7 30. Nd6 Re6 31. Rxe6 fxe6 32. b4 Nd7 33. Re1 g6 34. c4
dxc4 35. Nxc4 Nf8 36. Nd6 Kg7 37. Rc1 Nd5 38. Re1 a6 39. Nd4 Nc7 40. Rc1 Nd5
41. Re1 Nc7 42. Nc6 Nd5 43. f4 Kg8 44. Kf3 Kg7 45. Nd4 Nc7 46. Rc1 Nd5 47. Ke4
Rd8 48. Rc6 a5 49. b5 Kg8 50. Nxe6 Nxe6 51. Kxd5 Nxf4+ 52. Ke4 Ng2 53. Rxb6
Nxh4 54. Rc6 Rf8 55. b6 Nf3 56. b7 1-0

[Event "Manresa"]
[Site "Manresa ESP"]
[Date "1995.??.??"]
[Round "3"]
[White "Lalic, Bogdan"]
[Black "Spraggett, Kevin"]
[Result "1/2-1/2"]
[ECO "D55"]
[WhiteElo "2590"]
[BlackElo "2530"]
[PlyCount "27"]
[EventDate "1995.??.??"]
[EventType "tourn"]
[EventRounds "9"]
[EventCountry "ESP"]
[EventCategory "11"]

1. d4 Nf6 2. c4 e6 3. Nf3 d5 4. Nc3 Be7 5. Bg5 O-O 6. e3 h6 7. Bxf6 Bxf6 8. Rc1
c6 9. Bd3 Nd7 10. O-O Be7 11. a3 a6 12. e4 dxc4 13. Bxc4 b5 14. Ba2 1/2-1/2

[Event "Manresa"]
[Site "Manresa ESP"]
[Date "1995.??.??"]
[Round "6"]
[White "Spraggett, Kevin"]
[Black "Magem Badals, Jorge"]
[Result "1-0"]
[ECO "B12"]
[WhiteElo "2530"]
[BlackElo "2560"]
[PlyCount "81"]
[EventDate "1995.??.??"]
[EventType "tourn"]
[EventRounds "9"]
[EventCountry "ESP"]
[EventCategory "11"]

1. e4 c6 2. d4 d5 3. e5 Bf5 4. Nf3 e6 5. Be2 c5 6. Be3 Nd7 7. c4 dxc4 8. Nc3 a6
9. Bxc4 Ne7 10. d5 Nb6 11. d6 Nxc4 12. Qa4+ b5 13. Nxb5 axb5 14. Qxb5+ Qd7 15.
Qxc4 Nc6 16. O-O f6 17. Rfd1 Nxe5 18. Nxe5 fxe5 19. Bxc5 g5 20. a4 Bg7 21. a5
O-O 22. b4 Rfb8 23. a6 Bg6 24. Ra5 Bf6 25. h3 Be8 26. Be3 Rc8 27. Qe4 Rcb8 28.
b5 Bg6 29. Qc6 Be8 30. Qf3 Bd8 31. b6 Qc6 32. Qg4 Rxb6 33. Bxb6 Qxb6 34. Rxe5
Bg6 35. Qxe6+ Kg7 36. Qd7+ Kh6 37. Qb5 Rxa6 38. Qxb6 Bxb6 39. d7 Ra8 40. Re6
Bc5 41. d8=Q 1-0

[Event "Manresa"]
[Site "Manresa ESP"]
[Date "1995.??.??"]
[Round "7"]
[White "Mellado Trivino, Juan"]
[Black "Spraggett, Kevin"]
[Result "0-1"]
[ECO "A28"]
[WhiteElo "2460"]
[BlackElo "2530"]
[PlyCount "84"]
[EventDate "1995.??.??"]
[EventType "tourn"]
[EventRounds "9"]
[EventCountry "ESP"]
[EventCategory "11"]

1. c4 e5 2. Nc3 Nf6 3. Nf3 Nc6 4. d4 exd4 5. Nxd4 Bb4 6. g3 O-O 7. Bg2 Re8 8.
O-O Bxc3 9. bxc3 Ne5 10. c5 d5 11. cxd6 Qxd6 12. a4 c6 13. Qb3 a5 14. Ba3 Qc7
15. Rfd1 h5 16. Rab1 h4 17. Nf3 hxg3 18. hxg3 Ne4 19. Nh2 Nd7 20. Bxe4 Rxe4 21.
Bd6 Qd8 22. Nf3 Qe8 23. e3 Nf6 24. Ng5 Rg4 25. Bf4 Bf5 26. Rb2 Ne4 27. Nf3 g5
28. Bc7 Nc5 29. Qa3 Qe4 30. Nd4 Ne6 31. Qd6 Nxd4 32. Rxd4 Qf3 33. Rxg4 Bxg4 34.
Qe5 f6 35. Qc5 Bh3 36. Qc4+ Kh8 37. Qf1 Bxf1 38. Kxf1 Qh1+ 39. Ke2 Qa1 40. Rd2
Qxa4 41. Bd8 Rxd8 42. Rxd8+ Kg7 0-1

[Event "Manresa"]
[Site "Manresa ESP"]
[Date "1995.??.??"]
[Round "8"]
[White "Spraggett, Kevin"]
[Black "Pablo Marin, Alejandro"]
[Result "1-0"]
[ECO "B14"]
[WhiteElo "2530"]
[BlackElo "2390"]
[PlyCount "125"]
[EventDate "1995.??.??"]
[EventType "tourn"]
[EventRounds "9"]
[EventCountry "ESP"]
[EventCategory "11"]

1. e4 c6 2. d4 d5 3. exd5 cxd5 4. c4 Nf6 5. Nc3 Nc6 6. Bg5 e6 7. Nf3 Be7 8. Rc1
O-O 9. Bd3 Nb4 10. Be2 dxc4 11. Bxc4 Bd7 12. O-O Nbd5 13. Ne5 Rc8 14. Bb3 Nxc3
15. bxc3 Nd5 16. Bxe7 Nxe7 17. Qd3 Rc7 18. f4 Bc6 19. Bc2 g6 20. Bb3 Kg7 21. c4
f6 22. Nxc6 Nxc6 23. d5 exd5 24. cxd5 Rd7 25. Rcd1 Qb6+ 26. Kh1 Rfd8 27. Rfe1
Qc5 28. Rc1 Qa3 29. h3 Na5 30. Qb5 Nxb3 31. axb3 Qd6 32. Re4 a6 33. Qd3 Qxd5
34. Qxd5 Rxd5 35. Re7+ Kg8 36. Rcc7 Rb5 37. Rg7+ Kh8 38. Rxh7+ Kg8 39. Rhg7+
Kh8 40. Rxg6 Rxb3 41. Rc5 Kh7 42. Rxf6 Kg7 43. Re6 Rd7 44. f5 Rb4 45. Kh2 Kf7
46. Rce5 Rd2 47. Rc5 Rd7 48. Rh6 Kg7 49. Rg6+ Kf7 50. g4 Rb3 51. Rc2 Rbd3 52.
Rh6 a5 53. g5 a4 54. Rh7+ Kg8 55. Rxd7 Rxd7 56. Kg3 b5 57. Rc8+ Kg7 58. h4 a3
59. h5 Rd3+ 60. Kg2 a2 61. h6+ Kf7 62. Ra8 Rd2+ 63. Kf3 1-0